| 000 | 00545nam a22002171a 4500 | ||
|---|---|---|---|
| 001 | 1603 | ||
| 003 | OSt | ||
| 005 | 20260204211740.0 | ||
| 008 | 040120s1985||||ck ||||||b||||||||||spa|| | ||
| 020 | _a9586041336 | ||
| 050 | _a342.06 R638e | ||
| 082 | _a342.06 R638e | ||
| 100 | _aRojas Arbelaez, Gabriel | ||
| 245 | _aEl espiritu del derecho administrativo / Gabriel Rojas Arbealez | ||
| 250 | _a2 | ||
| 264 | _aColombia : Temis | ||
| 300 | _a247 p. | ||
| 500 | _aIncluye indice | ||
| 650 | _a1.Derecho AdministrativoÌ | ||
| 942 |
_2ddc _cBK |
||
| 999 |
_c1603 _d1603 |
||